=LDR 00000nam 2200000 4500 =001 000853 =005 20250712085939 =035 ##$$a 0010-0725000728 =007 ta =008 250712################a##########0#ind## =020 ##$$a 978-623-472-466-0 =082 ##$$a 398.209 598 =084 ##$$a 398.209 598 MAH p =100 #$$a Mahajan, Shals =245 1#$$a Pemburu kecil nan kuat /$c Shals mahajan =250 ##$$a Cetakan pertama =260 ##$$a Jakarta :$b Badan pengembangan dan pembinaan bahasa,$c 2022 =300 ##$$a 24 hlm. : $b Ilus. ; $c 22,9 cm =650 #4$$a Cerita anak indonesia-terjemahan =650 #4$$a Literasi-bahan bacaan